000 01381nam a2200169 4500
999 _c510556
_d510556
008 190823b ||||| |||| 00| 0 eng d
100 _aGreen, Bryan
_98756
245 _aThe essential ambiguity of the social
260 _c2019
300 _ap.108-136.
520 _aMethodological divisions in sociology, the study of the social, are not just deep and persistent but patterned—most obviously in the separate development of qualitative methods in ethnography and grounded theory, but also in subsidiary divisions within those separations, following the same pattern. The pattern being too deep-rooted to be explained as empirical happenstance, it will be explored here as the effect of an equally deep-rooted condition. More exactly, through postulating that sociology’s subject-matter, the social, is ontologically rooted in an essential ambiguity between abstraction and individuation. Four criteria are drawn from the idea of the dichotomy being constitutively essential, which this or any alternative candidates must meet. The article conducts the postulate through the criteria, and applies the criterion of separating better from worse sociological theory to the work of Pierre Bourdieu. - Reproduced.
650 _aSocial ontology
_98757
650 _aEthnography
_98758
773 _aPhilosophy of the Social Sciences
906 _aSociology
942 _2ddc
_cAR